Statistiques concernant Préfectures les plus et moins peuplées par rapport à leur département

Cliquez ici pour prendre le quiz!

Statistiques générales

  • Ce quiz a été pris 166 fois
  • Le résultat moyen est 9 sur 20

Statistiques - réponses

%PréfecturePopulation% Correct
100Paris2 145 906
99%
42,5Marseille870 321
94%
31,3Nice343 477
77%
35,2Toulouse498 003
77%
32,4Belfort45 458
46%
2,60Privas8 567
44%
45,2Ajaccio72 647
43%
29,7Dijon159 106
39%
2,90Arras42 337
38%
28,5Gap40 111
38%
5,77Versailles83 583
36%
35,1Limoges130 592
35%
3,32Bobigny54 906
30%
5,06Evry-Courcouronnes66 106
30%
5,42Cergy67 790
29%
27,8Mamoudzou71 437
27%
2,91Melun41 609
26%
4,55Laon24 091
23%
3,88Saint-Lô19 206
21%
2,58Basse-Terre9 892
19%

Distribution des résultats

Percentile par nombre de réponses

% des personnes avec chaque résultat

Votre développement - résultats

Vous n’avez pas pris ce quiz